Salud mental y apoyo psicosocial
Guardado en:
| Formato: | Libro |
|---|---|
| Lenguaje: | Spanish |
| Etiquetas: |
Agregar Etiqueta
Sin Etiquetas, Sea el primero en etiquetar este registro!
|
MARC
| LEADER | 00000nam a22000007a 4500 | ||
|---|---|---|---|
| 003 | cru CIDCACS/IIS | ||
| 005 | 20230904161509.0 | ||
| 008 | 230627b |||||||| |||| 00| 0 spa d | ||
| 040 | |c cru CIDCACS/IIS | ||
| 245 | |a Salud mental y apoyo psicosocial | ||
| 300 | |a 67 páginas: |b fotos | ||
| 773 | 0 | |0 19267 |9 8743 |a Centro de Estudios sobre Refugiados |d Universidad de Oxford ; Centro de Estudios sobre Refugiados |o 23521 |t Migraciones Forzadas: |x 14609819 | |
| 942 | |2 ddc |c PP | ||
| 999 | |c 45105 |d 45105 | ||
